[Event "OL-NORD WEST 1617 Bremer SG - Union Old"]
[Site "?"]
[Date "2017.04.23"]
[Round "8.3"]
[White "Mueer, Sebastian"]
[Black "Hundack, Rolf"]
[Result "1/2-1/2"]
[WhiteElo "2254"]
[BlackElo "2092"]
[PlyCount "128"]
[EventDate "2017.??.??"]

1. e4 e5 2. Nf3 Nc6 3. d4 exd4 4. Nxd4 d6 5. Nc3 Nf6 6. Be2 Be7 7. O-O O-O 8.
Be3 Re8 9. f4 Bf8 10. Bf3 Bd7 11. h3 Nxd4 12. Bxd4 Bc6 13. Qd3 Nd7 14. Rae1 Nc5
15. Qd2 b5 16. b4 Nd7 17. a4 bxa4 18. b5 Bb7 19. Nxa4 a6 20. bxa6 Rxa6 21. Nc3
Nb6 22. Be2 Ra8 23. Bxb6 cxb6 24. Bb5 Re7 25. Bc4 Qc7 26. Bd5 Rc8 27. Rf3 Qc5+
28. Kh2 b5 29. Bxb7 Rxb7 30. Re2 b4 31. Nd5 Ra8 32. Rb3 Rab8 33. f5 Kh8 34. f6
Qc8 35. Rxb4 Rxb4 36. Nxb4 Qe6 37. Nd5 gxf6 38. Qf4 Bg7 39. Rf2 f5 40. Qxf5 Bd4
41. Rd2 Be5+ 42. g3 Qh6 43. Nf4 Qg7 44. c4 h6 45. c5 dxc5 46. h4 Bxf4 47. Qxf4
Rb2 48. Rxb2 Qxb2+ 49. Kh3 Qg7 50. Qf5 Qf8 51. Qf6+ Kg8 52. g4 Qg7 53. Qd8+ Kh7
54. Qd5 Qc3+ 55. Kg2 Kg7 56. g5 h5 57. Qd6 Qc2+ 58. Kf3 Qc3+ 59. Kf4 Qc1+ 60.
Kf5 Qf1+ 61. Ke5 Qa1+ 62. Kf5 Qf1+ 63. Ke5 Qa1+ 64. Kf5 Qf1+ 1/2-1/2

[Event "OL-NORD WEST 1617 Bremer SG - Union Old"]
[Site "?"]
[Date "2017.04.23"]
[Round "8.4"]
[White "Issing, Peter"]
[Black "Wittje, Berthold"]
[Result "1/2-1/2"]
[WhiteElo "2195"]
[BlackElo "2198"]
[PlyCount "112"]
[EventDate "2017.??.??"]

1. d4 Nf6 2. c4 e6 3. Nc3 Bb4 4. Qc2 c5 5. dxc5 O-O 6. a3 Bxc5 7. Nf3 b6 8. Bf4
Bb7 9. Rd1 Nc6 10. e3 Rc8 11. Be2 Be7 12. O-O Na5 13. b3 d5 14. Qb2 Qe8 15. Ne5
dxc4 16. b4 Nc6 17. Nxc4 Rd8 18. Bf3 Rxd1 19. Rxd1 Qc8 20. Nb5 Ne8 21. Rc1 Qd7
22. Rd1 Qc8 23. Nxa7 Nxa7 24. Nxb6 Bf6 25. Nxc8 Bxb2 26. Ne7+ Kh8 27. Bxb7 Bxa3
28. Rb1 Nb5 29. Ba6 Nec7 30. Bxc7 Nxc7 31. Be2 g6 32. Nc6 Nd5 33. b5 Bc5 34.
Bf3 Ne7 35. Nxe7 Bxe7 36. g4 Rc8 37. Bc6 Bc5 38. Rd1 Bb6 39. Rd7 Kg7 40. Kg2
Rc7 41. Kf3 Rxd7 42. Bxd7 Kf6 43. h3 h6 44. Bc6 Ke5 45. Be8 Kf6 46. Ke4 Ke7 47.
Bc6 Ba7 48. h4 Bb6 49. h5 gxh5 50. gxh5 f5+ 51. Kd3 Kd6 52. f3 Ba7 53. e4 fxe4+
54. Kxe4 Bb6 55. Be8 Bg1 56. Kd3 Bb6 1/2-1/2

[Event "OL-NORD WEST 1617 Bremer SG - Union Old"]
[Site "?"]
[Date "2017.04.23"]
[Round "8.5"]
[White "Heinemann, Ernst"]
[Black "Juhnke, Karl"]
[Result "1-0"]
[WhiteElo "2107"]
[BlackElo "2170"]
[PlyCount "81"]
[EventDate "2017.??.??"]

1. e4 c5 2. Nf3 d6 3. c3 Nf6 4. Be2 g6 5. O-O Bg7 6. Re1 O-O 7. d3 Nc6 8. Nbd2
e5 9. a4 Rb8 10. Bf1 a6 11. Nb3 Be6 12. d4 Bxb3 13. Qxb3 cxd4 14. cxd4 exd4 15.
Bd2 Nd7 16. Rad1 Nde5 17. Bc1 Nxf3+ 18. Qxf3 Qa5 19. Qb3 Qb4 20. Qa2 Qc5 21.
Bf4 Be5 22. Rc1 Qb6 23. Bd2 a5 24. Bb5 Rbc8 25. Qa3 Rfd8 26. Qh3 Bf6 27. b3 Rc7
28. Kh1 Rdc8 29. f4 Re8 30. Qf3 Bg7 31. Bc4 Rce7 32. Bb5 Rc7 33. h3 Rec8 34.
Rf1 Nb4 35. Bc4 Kh8 36. f5 d5 37. exd5 Be5 38. fxg6 fxg6 39. Rce1 Bg7 40. d6
Qxd6 41. Bf4 1-0

[Event "OL-NORD WEST 1617 Bremer SG - Union Old"]
[Site "?"]
[Date "2017.04.23"]
[Round "8.6"]
[White "Giel, Olaf"]
[Black "Schuette, Marc"]
[Result "1/2-1/2"]
[WhiteElo "2135"]
[BlackElo "2146"]
[PlyCount "124"]
[EventDate "2017.??.??"]

1. d4 d5 2. Nf3 Nf6 3. Bf4 c6 4. c3 Qb6 5. Qb3 Nbd7 6. h3 Ne4 7. Nbd2 Ndf6 8.
e3 Bf5 9. Be2 e6 10. O-O Be7 11. Rfd1 O-O 12. Nh4 Nxd2 13. Qxb6 axb6 14. Nxf5
exf5 15. Rxd2 b5 16. f3 Rfe8 17. Bd3 g6 18. Kf2 h5 19. a3 Kh7 20. Rh1 Kg8 21.
Re2 h4 22. g4 hxg3+ 23. Bxg3 Nh5 24. f4 Bd6 25. Bh4 Be7 26. Bxe7 Rxe7 27. Kf3
Kg7 28. Rg2 Kf6 29. Rg5 Ng7 30. Kf2 Rae8 31. Re1 Ne6 32. Rgg1 Rh8 33. Rh1 Ree8
34. h4 Rh7 35. Rh3 Reh8 36. Reh1 Ng7 37. Be2 Ke7 38. Kg2 Kd6 39. Kf2 Ne8 40.
Bf3 Nf6 41. Kg3 Ke6 42. R1h2 Rh6 43. Rh1 Rg8 44. Rg1 Kd6 45. Kf2 Ke7 46. Rh2
Rg7 47. Ra1 Rh8 48. Rhh1 Rgh7 49. Kg3 Kd6 50. a4 bxa4 51. Rxa4 Re8 52. Re1 b5
53. Ra7 Nd7 54. b3 Rhh8 55. Rh1 f6 56. c4 bxc4 57. bxc4 dxc4 58. Ra6 Nb8 59.
Rb6 c3 60. Rb3 g5 61. fxg5 fxg5 62. h5 g4 1/2-1/2

[Event "OL-NORD WEST 1617 Bremer SG - Union Old"]
[Site "?"]
[Date "2017.04.23"]
[Round "8.7"]
[White "Buerckner, Hartmut"]
[Black "Peters, Frank"]
[Result "1-0"]
[WhiteElo "2171"]
[BlackElo "2162"]
[PlyCount "89"]
[EventDate "2017.??.??"]

1. c4 d6 2. Nc3 g6 3. e4 e5 4. Nge2 Bg7 5. d4 Nc6 6. Be3 Nf6 7. f3 O-O 8. Qd2
a6 9. d5 Ne7 10. O-O-O Ne8 11. Kb1 f5 12. Nc1 Nf6 13. h3 f4 14. Bf2 Nh5 15. c5
Bd7 16. Bc4 Kh8 17. Nd3 Nc8 18. Rc1 Bf6 19. Rhd1 Bh4 20. Bg1 Qe8 21. Bb3 Na7
22. a4 Nc8 23. Nb4 dxc5 24. Bxc5 Be7 25. Bxe7 Qxe7 26. Ne2 a5 27. Nd3 b5 28.
Rxc7 Qd6 29. Qc3 Re8 30. axb5 Bxb5 31. Nexf4 Nxf4 32. Nxf4 a4 33. Ba2 a3 34.
Bb3 axb2 35. Ne6 Nb6 36. Qc5 Rxe6 37. dxe6 Ra1+ 38. Kxb2 Rxd1 39. Bxd1 Qd2+ 40.
Qc2 Na4+ 41. Ka2 Qd4 42. e7 Nb6 43. Qc5 Qd2+ 44. Bc2 Qa5+ 45. Kb2 1-0

[Event "OL-NORD WEST 1617 Bremer SG - Union Old"]
[Site "?"]
[Date "2017.04.23"]
[Round "8.8"]
[White "Krajina, Davor"]
[Black "Wagner, Jan"]
[Result "0-1"]
[WhiteElo "2273"]
[BlackElo "2137"]
[PlyCount "82"]
[EventDate "2017.??.??"]

1. Nc3 g6 2. e4 Bg7 3. d4 d6 4. Nf3 a6 5. Be2 Nd7 6. O-O b5 7. Re1 Bb7 8. a3 c5
9. d5 Ngf6 10. Bf1 O-O 11. h3 Nb6 12. Bg5 Qd7 13. Qd2 Rfe8 14. Bh6 e6 15. Bxg7
Kxg7 16. dxe6 Rxe6 17. Ng5 Re7 18. Rad1 h6 19. Nf3 Nxe4 20. Nxe4 Rxe4 21. Qc3+
Kg8 22. Rxe4 Bxe4 23. Ne5 Qe6 24. Ng4 Na4 25. Nxh6+ Kh7 26. Qd2 f5 27. b3 Nb6
28. Qxd6 Qxd6 29. Rxd6 Nc8 30. Nxf5 Nxd6 31. Nxd6 Bxc2 32. b4 c4 33. Be2 Rd8
34. Nb7 Rd3 35. Nc5 Rxa3 36. f4 a5 37. bxa5 Rxa5 38. Ne6 Ra1+ 39. Kf2 Bd1 40.
Bxd1 Rxd1 41. Ke2 Rd6 0-1

[Event "OL-NORD WEST 1617 Union Oldenburg - Pos"]
[Site "?"]
[Date "2017.05.07"]
[Round "9.1"]
[White "Laubsch, Bernd"]
[Black "Breutigam, Martin"]
[Result "0-1"]
[WhiteElo "2262"]
[BlackElo "2380"]
[PlyCount "42"]
[EventDate "2017.??.??"]

1. e4 e5 2. Nf3 Nc6 3. d4 exd4 4. Nxd4 Bb4+ 5. c3 Bc5 6. Nxc6 bxc6 7. Bc4 Nf6
8. O-O Nxe4 9. Qg4 O-O 10. Qxe4 d5 11. Qf3 dxc4 12. Qxc6 Qd6 13. Qxa8 c6 14. b4
cxb3 15. axb3 Qg6 16. Qb8 Bd6 17. Qxa7 Bh3 18. g3 Qe4 19. f3 Qe2 20. Qf2 Bc5
21. Nd2 Bxf1 0-1

[Event "OL-NORD WEST 1617 Union Oldenburg - Pos"]
[Site "?"]
[Date "2017.05.07"]
[Round "9.2"]
[White "Bredemeier, Dirk"]
[Black "Wiegmann, Sascha"]
[Result "1-0"]
[WhiteElo "2292"]
[BlackElo "2285"]
[PlyCount "69"]
[EventDate "2017.??.??"]

1. d4 Nf6 2. c4 g6 3. Nc3 Bg7 4. e4 d6 5. Be2 O-O 6. Bg5 c5 7. d5 b5 8. cxb5 a6
9. a4 Qa5 10. Bd2 axb5 11. Nxb5 Qb6 12. Qb1 e6 13. dxe6 fxe6 14. Nf3 d5 15.
exd5 exd5 16. O-O Ne4 17. Be3 Na6 18. Nd2 Nxd2 19. Bxd2 Bb7 20. Ra3 c4 21. Qc1
Nc5 22. Be3 Qc6 23. Nd4 Qe8 24. Re1 Rxa4 25. Rxa4 Qxa4 26. Rd1 Ra8 27. h4 Nb3
28. Nxb3 cxb3 29. Bf3 Qxh4 30. Qc7 Qb4 31. Bb6 Ra6 32. Qb8+ Bf8 33. Qxb7 Rxb6
34. Bxd5+ Kh8 35. Qf7 1-0

[Event "OL-NORD WEST 1617 Union Oldenburg - Pos"]
[Site "?"]
[Date "2017.05.07"]
[Round "9.3"]
[White "Gomolla, Peter"]
[Black "Meessen, Max"]
[Result "1-0"]
[WhiteElo "2195"]
[BlackElo "2214"]
[PlyCount "55"]
[EventDate "2017.??.??"]

1. e4 e5 2. f4 d5 3. exd5 exf4 4. Nf3 Nf6 5. Bb5+ c6 6. dxc6 Nxc6 7. d4 Bd6 8.
O-O O-O 9. Nc3 Bg4 10. Kh1 Qc7 11. d5 Ne7 12. Be2 a6 13. Nd4 Bd7 14. Bf3 Nf5
15. Ne4 Nxe4 16. Bxe4 Nxd4 17. Qxd4 Be5 18. Bxf4 Bxd4 19. Bxc7 Bb5 20. Rfd1
Bxb2 21. Rab1 Bf6 22. d6 Ra7 23. d7 Raa8 24. a4 Bxa4 25. Bxb7 Bxc2 26. Bxa8
Rxa8 27. Re1 Ba4 28. Rbd1 1-0

[Event "OL-NORD WEST 1617 Union Oldenburg - Pos"]
[Site "?"]
[Date "2017.05.07"]
[Round "9.4"]
[White "Mueer, Sebastian"]
[Black "Mittelstaedt, Hendrik"]
[Result "1-0"]
[WhiteElo "2257"]
[BlackElo "2079"]
[PlyCount "67"]
[EventDate "2017.??.??"]

1. e4 e5 2. Nf3 Nf6 3. Nc3 Bb4 4. Nxe5 d6 5. Nd3 Bxc3 6. dxc3 Nxe4 7. Be2 Nc6
8. O-O O-O 9. Re1 Re8 10. Be3 Bd7 11. Bg4 Nf6 12. Bf3 Bf5 13. Bg5 Rxe1+ 14.
Qxe1 h6 15. Bh4 g5 16. Bg3 g4 17. Bxc6 bxc6 18. Bh4 Kg7 19. Qe3 Nd5 20. Qd4+ f6
21. c4 Nb6 22. f3 g3 23. hxg3 Nd7 24. Nf4 Kf7 25. Re1 Qb8 26. g4 Bxc2 27. Qd2
Bh7 28. Ne6 Ne5 29. Qxh6 Qd8 30. Nxc7 Rc8 31. Bxf6 Qxf6 32. Qxh7+ Kf8 33. Re2
Rd8 34. f4 1-0

[Event "OL-NORD WEST 1617 Union Oldenburg - Pos"]
[Site "?"]
[Date "2017.05.07"]
[Round "9.5"]
[White "Schulze, Ingo"]
[Black "Wittje, Berthold"]
[Result "0-1"]
[WhiteElo "2028"]
[BlackElo "2206"]
[PlyCount "90"]
[EventDate "2017.??.??"]

1. d4 Nf6 2. c4 e6 3. Nf3 Bb4+ 4. Bd2 Qe7 5. g3 Nc6 6. Bg2 Bxd2+ 7. Nbxd2 d6 8.
O-O O-O 9. Qc2 a5 10. e3 Bd7 11. a3 a4 12. Rad1 e5 13. h3 g6 14. d5 Na5 15. e4
b6 16. Ne1 Nh5 17. Nd3 f5 18. exf5 Bxf5 19. Ne4 Nb3 20. g4 Bxe4 21. Bxe4 Nd4
22. Qd2 Nf4 23. Nxf4 Rxf4 24. Bg2 Raf8 25. Qe3 Qh4 26. Rd3 R8f7 27. Rc3 h5 28.
gxh5 Qxh5 29. f3 R7f5 30. Rf2 Rg5 31. Kf1 Rg3 32. Ke1 Qg5 33. Bf1 Rgxf3 34.
Rxf3 Nxf3+ 35. Kd1 Rd4+ 36. Kc1 Qxe3+ 37. Rxe3 Nd2 38. Bd3 Nxc4 39. Rg3 e4 40.
Be2 Kg7 41. Bh5 Ne5 42. Bd1 Nd3+ 43. Kb1 Nf4 44. Bg4 Kf6 45. h4 Rxd5 0-1

[Event "OL-NORD WEST 1617 Union Oldenburg - Pos"]
[Site "?"]
[Date "2017.05.07"]
[Round "9.6"]
[White "Heinemann, Ernst"]
[Black "Untiedt, Jan Niklas"]
[Result "1-0"]
[WhiteElo "2089"]
[BlackElo "1935"]
[PlyCount "91"]
[EventDate "2017.??.??"]

1. e4 c5 2. Nf3 Nc6 3. Bb5 g6 4. O-O Bg7 5. c3 d6 6. d4 cxd4 7. cxd4 Bd7 8. Nc3
Nf6 9. Re1 O-O 10. h3 Rc8 11. e5 Ne8 12. Bf4 dxe5 13. dxe5 Nc7 14. Bf1 Be6 15.
Qa4 Nd5 16. Bd2 h6 17. Rad1 Nxc3 18. Bxc3 Qc7 19. Nd4 Nxd4 20. Bxd4 a6 21. Bc3
Rfd8 22. Rxd8+ Rxd8 23. Ba5 b6 24. Bc3 a5 25. a3 Qc5 26. Qf4 Kh7 27. Be2 h5 28.
Bf3 Rd3 29. Be4 Bh6 30. Qh4 Rxc3 31. bxc3 Qxc3 32. Rd1 Qxa3 33. Qxh5 Qb4 34.
Qf3 a4 35. Bd5 Bxd5 36. Qxd5 Kg7 37. e6 fxe6 38. Qxe6 Bf4 39. g3 Bd6 40. Rc1
Bc5 41. Rc4 Qb3 42. Qe5+ Kg8 43. Rh4 a3 44. Qh8+ Kf7 45. Rh7+ Ke6 46. Qg8+ 1-0

[Event "OL-NORD WEST 1617 Union Oldenburg - Pos"]
[Site "?"]
[Date "2017.05.07"]
[Round "9.7"]
[White "Cohrs, Joerg-Artur"]
[Black "Schuette, Marc"]
[Result "0-1"]
[WhiteElo "1942"]
[BlackElo "2136"]
[PlyCount "70"]
[EventDate "2017.??.??"]

1. e4 e6 2. d3 d5 3. Nd2 Nf6 4. g3 dxe4 5. dxe4 e5 6. Ngf3 Nc6 7. Bg2 Bc5 8.
O-O O-O 9. Qe2 a5 10. c3 Qe7 11. Nc4 Rd8 12. Bg5 h6 13. Be3 b5 14. Bxc5 Qxc5
15. Ncd2 Ba6 16. Nb3 Qb6 17. Rfd1 a4 18. Nbd2 b4 19. c4 Nd4 20. Nxd4 Rxd4 21.
b3 Bb7 22. Rac1 Qc5 23. bxa4 Rxa4 24. Nb3 Rxd1+ 25. Qxd1 Qc6 26. Qd8+ Kh7 27.
Qe7 Rxa2 28. Qxf7 Qd7 29. Qf8 Qd6 30. Qb8 Bxe4 31. c5 Qd5 32. Bxe4+ Nxe4 33.
Qc8 Ng5 34. Qf5+ g6 35. Qf8 Nh3+ 0-1

[Event "OL-NORD WEST 1617 Union Oldenburg - Pos"]
[Site "?"]
[Date "2017.05.07"]
[Round "9.8"]
[White "Wagner, Jan"]
[Black "Askerov, Imamali"]
[Result "1/2-1/2"]
[WhiteElo "2140"]
[BlackElo "1781"]
[PlyCount "53"]
[EventDate "2017.??.??"]

1. Nf3 Nf6 2. c4 e6 3. g3 d5 4. Bg2 c6 5. O-O Bd6 6. b3 O-O 7. Bb2 Nbd7 8. Nc3
e5 9. cxd5 cxd5 10. Nb5 Bb8 11. Ba3 Re8 12. Nd6 Bxd6 13. Bxd6 Qb6 14. Ba3 e4
15. Ne1 Ne5 16. d4 exd3 17. Nxd3 Bg4 18. Re1 Ne4 19. Bxe4 dxe4 20. Nxe5 Rxe5
21. Bb2 Re7 22. Qd4 Qxd4 23. Bxd4 Rd7 24. Be3 a6 25. Rac1 Be6 26. Kg2 f6 27.
Rc3 {(=)} 1/2-1/2

[Event "OL-NORD WEST 1617 Hannover - Bremer SG"]
[Site "?"]
[Date "2017.05.07"]
[Round "9.1"]
[White "Zeitlein, Michael"]
[Black "Izrailev, Alexander"]
[Result "0-1"]
[WhiteElo "2353"]
[BlackElo "2256"]
[PlyCount "78"]
[EventDate "2017.??.??"]

1. d4 e6 2. Nf3 f5 3. Bg5 Be7 4. Bxe7 Qxe7 5. e3 Nf6 6. Nbd2 O-O 7. Bd3 Nc6 8.
c3 d6 9. Qc2 g6 10. O-O-O e5 11. dxe5 dxe5 12. e4 f4 13. Bb5 Nd8 14. Rhe1 a6
15. Bf1 b5 16. Nb3 c5 17. c4 b4 18. Qd3 Nf7 19. g3 g5 20. gxf4 gxf4 21. Bg2 Bg4
22. Rd2 a5 23. Kb1 a4 24. Nc1 Rfd8 25. Qc2 Rxd2 26. Nxd2 Nd8 27. Rg1 Kh8 28.
Bf3 Be6 29. Ne2 Nc6 30. b3 a3 31. h4 Bf7 32. Kc1 Rd8 33. Rd1 Ne8 34. Bg4 Qxh4
35. f3 Qf2 36. Nf1 Rxd1+ 37. Qxd1 Nd4 38. Kd2 Nf6 39. Kd3 h5 0-1

[Event "OL-NORD WEST 1617 Hannover - Bremer SG"]
[Site "?"]
[Date "2017.05.07"]
[Round "9.2"]
[White "Bangiev, Alexander"]
[Black "Borik, Otto"]
[Result "1/2-1/2"]
[WhiteElo "2378"]
[BlackElo "2365"]
[PlyCount "57"]
[EventDate "2017.??.??"]

1. e4 c5 2. Nf3 Nc6 3. d4 cxd4 4. Nxd4 Nf6 5. Nc3 d6 6. Be3 Bd7 7. f3 h5 8. Qd2
g6 9. Be2 Bg7 10. O-O O-O 11. Rad1 a6 12. Kh1 Rc8 13. Nxc6 Bxc6 14. Nd5 Nxd5
15. exd5 Ba4 16. Bd3 Re8 17. f4 f5 18. Qf2 Bxb2 19. Rb1 Bf6 20. Rxb7 Qa5 21. c4
Qc3 22. Qe2 Rb8 23. Rfb1 Rxb7 24. Rxb7 Qa1+ 25. Rb1 Qc3 26. Bd2 Qd4 27. Be3 Qc3
28. Bd2 Qd4 29. Be3 1/2-1/2

[Event "OL-NORD WEST 1617 Hannover - Bremer SG"]
[Site "?"]
[Date "2017.05.07"]
[Round "9.3"]
[White "Hundack, Rolf"]
[Black "Piepho, Niels"]
[Result "1-0"]
[WhiteElo "2087"]
[BlackElo "2251"]
[PlyCount "61"]
[EventDate "2017.??.??"]

1. c4 e5 2. Nc3 Nc6 3. g3 Bc5 4. Bg2 d6 5. e3 Nge7 6. Nge2 a6 7. a3 Ba7 8. b4
O-O 9. O-O Be6 10. Nd5 Rb8 11. Bb2 Qd7 12. d4 exd4 13. Nxd4 Bh3 14. Bxh3 Qxh3
15. Nxc6 Nxc6 16. b5 axb5 17. cxb5 Ne5 18. Bxe5 dxe5 19. Qf3 Qd7 20. Rfd1 Qxb5
21. Nxc7 Qa5 22. Nd5 Bc5 23. a4 Rfe8 24. Qg4 Re6 25. Rac1 b6 26. Nc7 Re7 27.
Rd7 Qb4 28. Qd1 h6 29. Rxe7 Bxe7 30. Na6 Rd8 31. Qxd8+ 1-0

[Event "OL-NORD WEST 1617 Hannover - Bremer SG"]
[Site "?"]
[Date "2017.05.07"]
[Round "9.4"]
[White "Helmer, Christoph"]
[Black "Issing, Peter"]
[Result "1/2-1/2"]
[WhiteElo "2135"]
[BlackElo "2199"]
[PlyCount "102"]
[EventDate "2017.??.??"]

1. Nf3 d5 2. g3 Nf6 3. Bg2 Bf5 4. c4 dxc4 5. Na3 Nbd7 6. Nxc4 c6 7. O-O e6 8.
d3 Be7 9. Bf4 O-O 10. Nd6 Qb6 11. Nxf5 exf5 12. Qc2 Nd5 13. Ne5 Nxe5 14. Bxe5
Ne3 15. fxe3 Qxe3+ 16. Kh1 Qxe5 17. Rf4 g6 18. Raf1 Bg5 19. Rb4 Rab8 20. e4 f4
21. gxf4 Bxf4 22. d4 Qe7 23. Rb3 Bc7 24. Rh3 Rbd8 25. Qd2 Qe5 26. d5 c5 27. Qh6
Qg7 28. Qc1 Bd6 29. Qc3 Qxc3 30. Rxc3 b6 31. Rcf3 Be5 32. b3 Kg7 33. Rc1 Rd6
34. Rcf1 Rf6 35. Rxf6 Bxf6 36. Rd1 Rd8 37. Bf1 Bd4 38. Bb5 Kf6 39. Rf1+ Ke7 40.
Rf3 f6 41. Rh3 Rh8 42. Kg2 Kd6 43. Kf3 Be5 44. Ke3 h5 45. Be2 a6 46. a4 Ra8 47.
Rf3 Ke7 48. h3 b5 49. axb5 axb5 50. Bxb5 Ra3 51. Bc4 Ra1 1/2-1/2

[Event "OL-NORD WEST 1617 Hannover - Bremer SG"]
[Site "?"]
[Date "2017.05.07"]
[Round "9.5"]
[White "Juhnke, Karl"]
[Black "Ljubarskij, Juri"]
[Result "1-0"]
[WhiteElo "2166"]
[BlackElo "2184"]
[PlyCount "159"]
[EventDate "2017.??.??"]

1. d4 d5 2. c4 c6 3. Nc3 Nf6 4. e3 e6 5. Nf3 Nbd7 6. Bd3 dxc4 7. Bxc4 b5 8. Bd3
a6 9. a4 Bb7 10. O-O b4 11. Ne4 c5 12. Nxf6+ Qxf6 13. e4 cxd4 14. Qe2 Bc5 15.
Bg5 Qg6 16. e5 Qh5 17. Be4 Bxe4 18. Qxe4 O-O 19. Rac1 h6 20. Bh4 Rac8 21. Rfe1
Rc7 22. Be7 Rfc8 23. Bxc5 Rxc5 24. Rxc5 Nxc5 25. Qxd4 Qf5 26. Rc1 Kh7 27. Qc4
g5 28. h3 h5 29. h4 gxh4 30. Qc2 Qxc2 31. Rxc2 Kg6 32. a5 Kf5 33. Rc4 f6 34.
exf6 Kxf6 35. Nxh4 e5 36. Rxb4 Nd3 37. Rb6+ Kf7 38. f3 Rc1+ 39. Kh2 Rc2 40.
Rxa6 Rxb2 41. Rh6 Ra2 42. a6 Kg7 43. Rb6 Nc5 44. Rb5 Nxa6 45. Rxe5 Kh6 46. Re6+
Kh7 47. Nf5 Kg8 48. Rh6 Kf7 49. Ng3 Nc5 50. Nxh5 Nd3 51. Kg3 Rb2 52. Rd6 Ne5
53. Nf4 Ra2 54. Rd1 Kf6 55. Nd3 Nc4 56. Re1 Rd2 57. Nf2 Rc2 58. Ng4+ Kf5 59.
Ne3+ Nxe3 60. Rxe3 Ra2 61. Rb3 Rc2 62. Rb5+ Kg6 63. Kh3 Rf2 64. Kg3 Rc2 65. f4
Kf6 66. Kf3 Ra2 67. g3 Kg6 68. Rb6+ Kg7 69. Kg4 Ra3 70. f5 Kh7 71. Kf4 Kg7 72.
g4 Kf7 73. Rb7+ Kg8 74. Kg5 Ra4 75. f6 Rc4 76. Kf5 Kf8 77. g5 Rc8 78. Kg6 Kg8
79. Rg7+ Kh8 80. Rh7+ 1-0

[Event "OL-NORD WEST 1617 Hannover - Bremer SG"]
[Site "?"]
[Date "2017.05.07"]
[Round "9.6"]
[White "Meier-Hoffmann, Daniel"]
[Black "Giel, Olaf"]
[Result "1/2-1/2"]
[WhiteElo "1984"]
[BlackElo "2139"]
[PlyCount "98"]
[EventDate "2017.??.??"]

1. d4 Nf6 2. Nf3 g6 3. Nc3 d5 4. Bf4 c6 5. Ne5 Bg7 6. e3 O-O 7. Be2 Nbd7 8. h4
h5 9. Qd2 Nxe5 10. Bxe5 b5 11. f3 a5 12. Nd1 Ne8 13. Bxg7 Nxg7 14. e4 dxe4 15.
fxe4 Qc7 16. Nf2 Be6 17. c3 Rfd8 18. Qg5 b4 19. Nd3 bxc3 20. bxc3 Bc4 21. O-O
c5 22. d5 Bxd3 23. Bxd3 c4 24. Be2 Qb6+ 25. Kh1 Qb2 26. Bxc4 Qxc3 27. Rac1 Qd4
28. Qxe7 Rf8 29. Rfd1 Qf2 30. Rf1 Qd4 31. d6 Ra7 32. Qf6 Qxe4 33. Bb5 Nf5 34.
Rxf5 Qxf5 35. Qxf5 gxf5 36. Rf1 f4 37. Rxf4 f5 38. Rd4 Kg7 39. d7 Rd8 40. Kh2
Kf6 41. Kg3 Ke5 42. Rd3 Ke4 43. Rd6 Ke5 44. Rd3 Rb7 45. a4 f4+ 46. Kf2 Rc7 47.
Rd1 Rc2+ 48. Kf3 Rc3+ 49. Kf2 Rc2+ 1/2-1/2

[Event "OL-NORD WEST 1617 Hannover - Bremer SG"]
[Site "?"]
[Date "2017.05.07"]
[Round "9.7"]
[White "Peters, Frank"]
[Black "Phunhon Lopez, Daniel Alejandr"]
[Result "1/2-1/2"]
[WhiteElo "2109"]
[BlackElo "1923"]
[PlyCount "86"]
[EventDate "2017.??.??"]

1. c4 Nf6 2. Nf3 d6 3. g3 g6 4. Bg2 Bg7 5. O-O O-O 6. Nc3 c6 7. e4 e5 8. d3 h6
9. h3 Be6 10. Kh2 Qc7 11. Qe2 c5 12. Nh4 Nc6 13. f4 Nd4 14. Qf2 Kh7 15. f5 Bd7
16. g4 g5 17. Nf3 Bc6 18. Bd2 Nd7 19. h4 f6 20. Nd5 Bxd5 21. exd5 Nxf3+ 22.
Bxf3 Kg8 23. Be4 Kf7 24. Kg2 Rh8 25. Rh1 Rag8 26. hxg5 hxg5 27. Rxh8 Rxh8 28.
Rh1 a6 29. Rxh8 Bxh8 30. Qe1 Bg7 31. Qh1 Qd8 32. Qh7 Kf8 33. Qh1 Kf7 34. Qh7
Kf8 35. Bf3 Qe7 36. Qh1 Qd8 37. Qd1 b5 38. Qe1 Qb8 39. Bc1 Qb6 40. Qc3 Kf7 41.
Bd2 Bf8 42. Be2 Be7 43. Qc1 Bd8 {(=)} 1/2-1/2

[Event "OL-NORD WEST 1617 Hannover - Bremer SG"]
[Site "?"]
[Date "2017.05.07"]
[Round "9.8"]
[White "Usachyi, Vladimir"]
[Black "Krajina, Davor"]
[Result "0-1"]
[WhiteElo "2134"]
[BlackElo "2276"]
[PlyCount "100"]
[EventDate "2017.??.??"]

1. d4 d5 2. c4 Nc6 3. e3 Nf6 4. Nc3 a6 5. Nf3 e6 6. a3 Bd7 7. Bd3 dxc4 8. Bxc4
Bd6 9. O-O O-O 10. e4 e5 11. d5 Ne7 12. Nh4 h6 13. f4 exf4 14. Bxf4 Bc5+ 15.
Kh1 Ng4 16. Qf3 b5 17. Bd3 Ng6 18. Nf5 Bxf5 19. exf5 Nxf4 20. Qxg4 Nxd3 21. f6
g6 22. Ne4 Re8 23. Nxc5 Nxc5 24. Rad1 Ne4 25. Qh4 Kh7 26. h3 Qd6 27. Rf3 c6 28.
Rfd3 cxd5 29. Rxd5 Qxf6 30. Qxf6 Nxf6 31. Rd6 Kg7 32. Kh2 Re6 33. Rxe6 fxe6 34.
Rd6 Kf7 35. Rc6 Ra7 36. b4 Nd5 37. Kg3 Ne3 38. Kf2 Nc4 39. a4 Ne5 40. Rc3 bxa4
41. Ra3 Rb7 42. Rxa4 Rb6 43. Ke3 Nc6 44. Kd3 Nxb4+ 45. Kc4 Nd5 46. Kc5 Rb5+ 47.
Kc6 Rb2 48. g4 Rb3 49. h4 Rb4 50. Rxa6 Rxg4 0-1

[Event "OL-NORD WEST 1617 Nordhorn Blanke - SV "]
[Site "?"]
[Date "2017.05.07"]
[Round "9.1"]
[White "Petzold, Golo"]
[Black "Kroeze, Frank M"]
[Result "0-1"]
[WhiteElo "2279"]
[BlackElo "2394"]
[PlyCount "110"]
[EventDate "2017.??.??"]

1. d4 d5 2. Nf3 e6 3. c4 c6 4. e3 Nf6 5. Nc3 Nbd7 6. Bd3 b6 7. O-O Bb7 8. b3
Bb4 9. Bb2 O-O 10. Qe2 Rc8 11. Rac1 Re8 12. Rfd1 Qe7 13. h3 Ba3 14. Bxa3 Qxa3
15. Nb1 Qe7 16. cxd5 exd5 17. Ba6 Bxa6 18. Qxa6 Rc7 19. Rc2 Ne4 20. Nc3 Ndf6
21. Qe2 Nxc3 22. Rxc3 Ne4 23. Rc2 Qd6 24. Ne5 c5 25. Nf3 c4 26. Nd2 b5 27. Nxe4
Rxe4 28. bxc4 bxc4 29. Rb1 g6 30. Qd2 Ree7 31. Qb4 Qe6 32. Rcb2 Kg7 33. Qa5 Qe4
34. Qc3 h5 35. Qc2 Qe6 36. Rb5 g5 37. e4 Qxe4 38. Qxe4 Rxe4 39. Rxd5 f6 40. Rc1
c3 41. Rc5 Rxc5 42. dxc5 Rc4 43. Kf1 Rxc5 44. Ke2 Ra5 45. Rc2 Kg6 46. Kd3 Ra3
47. Ke4 h4 48. Re2 f5+ 49. Kd4 g4 50. Ke5 Kg5 51. Rc2 Ra5+ 52. Kd4 gxh3 53.
gxh3 Kf4 54. Kc4 Ra6 55. Kd4 Rd6+ 0-1

[Event "OL-NORD WEST 1617 Nordhorn Blanke - SV "]
[Site "?"]
[Date "2017.05.07"]
[Round "9.2"]
[White "Oehne, Timo"]
[Black "Raum, Sebastian"]
[Result "1/2-1/2"]
[WhiteElo "2135"]
[BlackElo "2126"]
[PlyCount "47"]
[EventDate "2017.??.??"]

1. e4 c5 2. Nf3 d6 3. d4 cxd4 4. Nxd4 Nf6 5. Nc3 a6 6. Bd3 Nc6 7. Nxc6 bxc6 8.
O-O g6 9. Qe2 Bg7 10. a4 a5 11. e5 dxe5 12. Qxe5 O-O 13. Qc5 Qd6 14. Qxd6 exd6
15. Bf4 Rd8 16. Rab1 Be6 17. Bg3 Rab8 18. Ne4 Nxe4 19. Bxe4 Rb4 20. Bxc6 Rc8
21. c3 Bxc3 22. bxc3 Rxb1 23. Rxb1 Rxc6 24. h3 {(=)} 1/2-1/2

[Event "OL-NORD WEST 1617 Nordhorn Blanke - SV "]
[Site "?"]
[Date "2017.05.07"]
[Round "9.3"]
[White "Schmidt, Alexander"]
[Black "Baisakow, Alexander"]
[Result "0-1"]
[WhiteElo "2123"]
[BlackElo "2178"]
[PlyCount "80"]
[EventDate "2017.??.??"]

1. e4 c5 2. Nf3 d6 3. d4 cxd4 4. Nxd4 Nf6 5. Nc3 a6 6. Bg5 Nbd7 7. Qe2 g6 8.
O-O-O Bg7 9. h3 Qa5 10. f4 O-O 11. Nb3 Qc7 12. g4 b5 13. Bg2 b4 14. Nd5 Nxd5
15. exd5 Nb6 16. Rhe1 Na4 17. Rd4 Nxb2 18. Kxb2 Qc3+ 19. Kb1 Bxd4 20. Nxd4 Qxd4
21. Qxe7 Bxg4 22. hxg4 Rfe8 23. Qxe8+ Rxe8 24. Rxe8+ Kg7 25. Be4 h6 26. Bd8
Qd1+ 27. Kb2 Qxg4 28. Bb6 f5 29. Bd3 Qxf4 30. Re6 h5 31. Be3 Qg3 32. Bd4+ Kf7
33. Kb3 h4 34. Kxb4 h3 35. Bxa6 h2 36. Rf6+ Kg8 37. Bc8 h1=Q 38. Be6+ Kh7 39.
Rf8 Qb1+ 40. Kc4 Qxc2+ 0-1